| 000 | 00692nam a22002417a 4500 | ||
|---|---|---|---|
| 001 | 72622 | ||
| 003 | DO-SdBNP | ||
| 005 | 20171212115237.0 | ||
| 007 | 72622 | ||
| 008 | 900427s1987 sp spa | ||
| 016 | 7 | _2BPMSU | |
| 020 | _a8434586304 | ||
| 040 |
_aBPMSU _bspa _cBPMSU |
||
| 100 | 1 |
_aGisbert, Joan Manuel _d1949- |
|
| 245 | 1 | 3 |
_aLa aventura inmortal de Max Urkhaus / _cJoan Manuel Gisbert |
| 260 | 1 |
_aBarcelona : _bSalvat, _c1987 |
|
| 300 |
_a178 p.: _c22 cm |
||
| 490 | 1 |
_aBiblioteca juvenil _v50 |
|
| 830 | 0 |
_aBiblioteca juvenil (Salvat Editores) _v50 |
|
| 942 |
_2ddc _cBK |
||
| 945 | _aInventariado extranjero 2017 / YL | ||
| 956 |
_aVMATEO _210 _320151119 _6BPMSU _800151 |
||
| 999 |
_c8816 _d8816 |
||